000 01013naa a22002777a 4500
001 BR9700502
003 BR-BrBNA
005 20240918181851.0
007 ta
008 230509b bl.||||| |||| 00| 0 por d
040 _aBR-BrBNA
_bpor
_cBiblioteca Nacional de Agricultura
041 _a(Pt)
072 _aF06; U10
090 _aF06 BR9700502
100 1 _aAguiar Neto, A. de O.
100 1 _aAndrade Junior, A.S. de
100 1 _aBastos, E.A.
245 1 _aPrograma computacional de hidraulica de tubulacoes para irrigacao localizada e aspersor com fluxo constante
260 3 _aBrasilia, DF (Brasil):
_c1994.
500 _a10. Congresso Nacional de Irrigacao e Drenagem. Anais Brasilia, DF (Brasil): 1994. p. 549-568 (BR9700502-AM)F06
650 _aIrrigacao por Aspersao
650 _aModelo Matematico
773 0 _t10. Congresso Nacional de Irrigacao e Drenagem. Anais
_wF06 BR9700502
_gBrasilia, DF (Brasil), 1994. p. 549-568
909 _a202404
_bLucia
_c55
_dLucia Elande
942 _cAM
_2AGRIS
999 _c327254
_d327254